LEADER 01439nam2-2200385---450- 001 990003516850203316 005 20110328132439.0 010 $a978-88-348-1445-1 035 $a000351685 035 $aUSA01000351685 035 $a(ALEPH)000351685USA01 035 $a000351685 100 $a20110328d2010----km-y0itay50------ba 101 $aita 102 $aIT 105 $a||||||||001yy 200 1 $a<> iscrizione nel bilancio di esercizio delle società quotate delle operazioni di copertura del rischio finanziario$fSabrina Pucci 205 $a2. ed. riv. e ampl. 210 $aTorino$cG. Giappichelli$d2010 215 $a137 p.$d24 cm 225 2 $aStudi di ragioneria e di economia aziendale$v50 410 0$1001000316659$aStudi di ragioneria e di economia aziendale$v, 50$12001 606 0 $aSocietà quotate in borsa$xOperazioni finanziarie$xIscrizione [nei] bilanci$2BNCF 676 $a657.48 700 1$aPUCCI,$bSabrina$0116278 801 0$aIT$bsalbc$gISBD 912 $a990003516850203316 951 $aXXX.B. Coll. 112/ 40a$b19322 EC.$cXXX.B. Coll. 112/$d00295628 959 $aBK 969 $aECO 979 $aFIORELLA$b90$c20110328$lUSA01$h1321 979 $aFIORELLA$b90$c20110328$lUSA01$h1324 979 $aFIORELLA$b90$c20110328$lUSA01$h1324 996 $aIscrizione nel bilancio di esercizio delle società quotate delle operazioni di copertura del rischio finanziario$91014368 997 $aUNISA LEADER 01074nam--2200385---450- 001 990000684000203316 005 20060117090921.0 035 $a0068400 035 $aUSA010068400 035 $a(ALEPH)000068400USA01 035 $a0068400 100 $a20011015d19861987km-y0itay0103----ba 101 $aita 102 $aIT 105 $a||||||||001yy 200 1 $aRomanzi$fThomas Hardy$ga cura di Carlo Cassola 205 $a2. ed. 210 $aMilano$cA. Mondadori$d1986 215 $aLXVIII, 1117 p.$d18 cm 225 2 $aI meridiani 410 $12001$aI meridiani 676 $a823.8 700 1$aHARDY,$bThomas$0142510 702 1$aCASSOLA,$bCarlo$f<1917-1987> 801 0$aIT$bsalbc$gISBD 912 $a990000684000203316 951 $aVII.3.A. 1953(V A COLL. 13/69)$b106633 LM$cV A COLL. 959 $aBK 969 $aUMA 979 $aPATTY$b90$c20011015$lUSA01$h2130 979 $c20020403$lUSA01$h1717 979 $aPATRY$b90$c20040406$lUSA01$h1647 979 $aCOPAT3$b90$c20060117$lUSA01$h0909 996 $aRomanzi$9143534 997 $aUNISA